| 000 | 00414nam a22001571a 4500 | ||
|---|---|---|---|
| 003 | NEGST | ||
| 005 | 20110718125100.0 | ||
| 008 | 030613s1977 nju 001 0 eng d | ||
| 100 | 1 | _aHayford, Jack W. | |
| 245 | 1 | 0 |
_aPrayer is invading the impossible / _cJack W. Hayford. |
| 260 |
_aPlainfied, NJ : _bLagos, _cc1977. |
||
| 300 | _a150p. | ||
| 590 | _aAccession number: 19537 | ||
| 650 | 0 | _aPrayer. | |
| 999 |
_c24135 _d24135 |
||